000 00301nam a2200133Ia 4500
005 20251222155204.0
008 251222s9999||||xx |||||||||||||| ||spa||
082 _aLEN.39
100 _aFERNANDEZ VALDER.
245 0 _aTécnicas de estudio
250 _a1ra. ed.
264 _bFernoba
942 _cLIB
999 _c40058
_d40058